Guess the Countryballs 2 - Statistics

General Stats
  • This quiz has been taken 23 times
  • The average score is 19 of 20
Answer Stats
Picture Hint Answer % Correct
Colombia
100%
Cuba
100%
Denmark
100%
Israel
100%
Mexico
100%
New Zealand
100%
Norway
100%
South Africa
100%
Belgium
94%
Czech Republic
94%
Iraq
94%
Portugal
94%
Saudi Arabia
94%
Sweden
94%
Egypt
89%
Not considered a country on Jetpunk England
89%
Algeria
83%
Syria
83%
United Arab Emirates
78%
Azerbaijan
72%
No matching quizzes found
Score Distribution
Percent of People with Each Score
Percentile by Number Answered
Your Score History
You have not taken this quiz